|
|
|
|
| LEADER |
00916nam a2200265 a 4500 |
| 001 |
000028196 |
| 003 |
CZ BrMZK |
| 005 |
20070921105154.0 |
| 007 |
ta |
| 008 |
950707s1986 xr f cze d |
| 040 |
|
|
|a BOA001
|b cze
|
| 080 |
9 |
|
|a 806.90-82(075.8)
|
| 080 |
9 |
|
|a 378.4
|
| 100 |
1 |
|
|a Jindrová, Jaroslava,
|d 1955-
|7 jo20000082910
|4 aut
|
| 245 |
1 |
0 |
|a Portugalské cvičební texty /
|c Jaroslava Jindrová
|
| 250 |
|
|
|a 1. vyd.
|
| 260 |
|
|
|a Praha :
|b Státní pedagogické nakladatelství,
|c 1986
|
| 300 |
|
|
|a 110 s.
|
| 550 |
|
|
|a Vydavatel: Univerzita Karlova v Praze, Filozofická fakulta
|
| 710 |
2 |
|
|a Univerzita Karlova.
|b Filozofická fakulta
|7 kn20010710340
|
| 910 |
|
|
|a BOA001
|b PK-N-0025.482
|b 4-0905.222
|
| 920 |
|
|
|a 000214395
|
| 964 |
|
|
|a Portugalština - cvičení - školy vysoké
|
| 990 |
|
|
|a BK
|
| 996 |
7 |
|
|b 3119987599
|c PK-N-0025.482
|l MZK
|r Sklad / do 1 hodiny
|n 23
|w 000028196
|u 000010
|a 1
|e BOA001
|j MZK50
|s A
|